| Поле | Название | Значение |
| |
Тип записи |
i |
| |
Библиографический уровень |
m |
| 001 |
Контрольный номер |
ca3a85277dc9404286020ef21d645d95 |
| 005 |
Дата корректировки |
20231215113509.8 |
| 010 |
Индекс ISBN |
__ |
| b |
Уточнения |
В кор. |
| d |
Цена |
265-35 |
| 100 |
Данные общей обработки |
__ |
| a |
Данные общей обработки |
20230302d2005 me y0rusy028902 ca |
| 101 |
Язык документа |
0_ |
| a |
Язык текста |
rus |
| 102 |
Страна публикации |
__ |
| a |
Страна публикации |
RU |
| 105 |
Кодированные данные (монография) |
__ |
| a |
Кодированные данные (монография) |
|
| 125 |
Кодированные данные звукозаписи и нотных изданий |
__ |
| a |
Форма изложения нотного текста |
|
| b |
Определитель литературного текста |
с |
| 126 |
Кодированные данные (звукозаписи-физические характеристики) |
__ |
| a |
Кодированные данные звукозаписи (общие) |
agbаhхх cd |
| 127 |
Кодированные данные (звукозаписи-физические характеристики) |
__ |
| a |
Продолжительность проигрывания |
0408## |
| 135 |
Кодированные данные (электронные ресурсы) |
__ |
| a |
Кодированные данные (электронные ресурсы) |
сongannnannun |
| 139 |
Кодированные данные (электронные ресурсы) |
__ |
| a |
Кодированные данные (электронные ресурсы) |
сaz |
| 181 |
Поле кодированных данных: вид содержания |
_0 |
| a |
Код вида содержания (ISBD) |
h |
| 182 |
Поле кодированных данных: тип средства |
_0 |
| a |
Код типа средства (ISBD) |
a |
| 200 |
Заглавие и сведения об ответственности |
1_ |
| a |
Заглавие |
Гамлет 18 века |
| e |
Сведения, относящиеся к заглавию |
[роман : аудиокнига] |
| f |
Первые сведения об ответственности |
Волконский М. Н. |
| g |
Последующие сведения об ответственности |
читает Г. Самойлова |
| 203 |
Вид содержания и тип средства |
__ |
| a |
Вид содержания |
Устная речь |
| c |
Тип средства |
аудио |
| 210 |
Выходные данные |
1_ |
| a |
Место издания |
Санкт-Петербург |
| c |
Издательство |
Вира-М |
| d |
Дата издания |
2005 |
| 215 |
Физическое описание |
__ |
| a |
Объем |
1 электрон. опт. диск (CD-ROM) (04 ч 08 мин) |
| d |
Формат |
12 см |
| c |
Иллюстрации/тип воспроизводства |
зв. |
| 225 |
Серия |
2_ |
| a |
Серия |
Исторический авантюрный роман |
| 225 |
Серия |
2_ |
| a |
Серия |
Аудиокнига MP3 |
| 300 |
Общие примечания |
__ |
| a |
Общие примечания |
Заглавие с этикетки диска |
| 300 |
Общие примечания |
__ |
| a |
Общие примечания |
Данные в формате MP3 |
| 330 |
Аннотация |
__ |
| a |
Аннотация |
Михаил Николаевич Волконский (1860-1917) - русский писатель и драматург, получивший признание благодаря своим историческим и пародийным произведениям. События романа "Гамлет XVIII века" разворачиваются во времена царствования Павла I. Главный герой, юный князь, подозревает свою мать и её любовника в загадочной гибели отца. Вместе с князем читатель погрузится в мир захватывающих дворцовых интриг и раскроет секреты невероятных событий... |
| 337 |
Примечание о системных требованиях (электронные ресурсы) |
__ |
| a |
Примечание о системных требованиях (электронные ресурсы) |
Системные требования : MS Windows 95/98/2000/XP/Vista/7/8/10 ; Pentium 100 ; ОЗУ 16 Мб ; монитор SVGA, 800x600 ; устройство чтения CD/DVD-ROM ; звуковая карта ; колонки или наушники ; мышь ; музыкальный центр ; CD/DVD-плеер и прочие устройства |
| 517 |
Другие варианты заглавия |
1_ |
| a |
Другие варианты заглавия |
Гамлет XVIII века |
| 532 |
Расширенное заглавие |
10 |
| a |
Расширенное заглавие |
Гамлет восемнадцатого века |
| 606 |
Тематические рубрики |
__ |
| a |
Основная рубрика |
Художественная литература |
| 2 |
Код системы |
nlr_sh |
| 606 |
Тематические рубрики |
__ |
| a |
Основная рубрика |
Русская литература XX в. (произведения) |
| 2 |
Код системы |
nlr_sh |
| 606 |
Тематические рубрики |
__ |
| 2 |
Код системы |
nlr_sh |
| a |
Основная рубрика |
Русская литература XIX в. (произведения) |
| 610 |
Ключевые слова |
0_ |
| a |
Ключевые слова |
аудиокниги |
| 610 |
Ключевые слова |
0_ |
| a |
Ключевые слова |
романы |
| 610 |
Ключевые слова |
0_ |
| a |
Ключевые слова |
исторические романы |
| 610 |
Ключевые слова |
0_ |
| a |
Ключевые слова |
авантюрные романы |
| 610 |
Ключевые слова |
0_ |
| a |
Ключевые слова |
тема истории |
| 610 |
Ключевые слова |
0_ |
| a |
Ключевые слова |
тема семьи |
| 610 |
Ключевые слова |
0_ |
| a |
Ключевые слова |
дворяне |
| 610 |
Ключевые слова |
0_ |
| a |
Ключевые слова |
дворянство |
| 610 |
Ключевые слова |
0_ |
| a |
Ключевые слова |
князья |
| 610 |
Ключевые слова |
0_ |
| a |
Ключевые слова |
придворные интриги |
| 610 |
Ключевые слова |
0_ |
| a |
Ключевые слова |
придворная жизнь |
| 610 |
Ключевые слова |
0_ |
| a |
Ключевые слова |
тема дворцовых тайн |
| 686 |
Индексы других классификаций |
__ |
| 2 |
Код системы |
rubbks |
| a |
Классификационный индекс |
84(2=411.2)53-4я04; ст84(2=411.2)1-4я0 |
| 700 |
Автор |
_1 |
| a |
Фамилия |
Волконский |
| b |
Имя |
М. Н. |
| g |
Полное личное имя |
Михаил Николаевич |
| f |
Даты |
1860-1917 |
| 4 |
Код отношения |
070 |
| 702 |
Вторичная интеллектуальная ответственность |
_1 |
| a |
Фамилия |
Самойлова |
| b |
Имя |
Г. |
| 4 |
Код отношения |
590 |
| 801 |
Источник записи |
_0 |
| b |
Организация |
Муниципальное бюджетное учреждение культуры "Централизованная библиотечная система" г. Сургут (Центральная городская библиотека им. А. С. Пушкина) |
| a |
Страна |
RU |
| c |
Дата составления |
20230302 |
| g |
Правила каталогизации |
PSBO |
| 801 |
Источник записи |
_1 |
| b |
Организация |
Муниципальное бюджетное учреждение культуры "Централизованная библиотечная система" г. Сургут (Центральная городская библиотека им. А. С. Пушкина) |
| a |
Страна |
RU |
| c |
Дата составления |
20230302 |
| g |
Правила каталогизации |
PSBO |
| 852 |
Данные о местонахождении |
5_ |
| j |
Шифр хранения |
84(2=411.2)53-4я04 |
| i |
Авторский знак |
В 67 |
| 900 |
Макрообъекты |
__ |
| a |
Макрообъекты |
Гамлет 18 века. Волконский М. Н., 2005 |
| 901 |
Тип документа |
__ |
| a |
Ответственный |
КиК/Котельникова |
| t |
Тип документа |
0 |
| 903 |
Характеристики (МАРС) |
__ |
| a |
Дата передачи |
20230302 |
| c |
Наименование библиотеки (МАРС) |
Муниципальное бюджетное учреждение культуры "Централизованная библиотечная система" г. Сургут (Центральная городская библиотека им. А. С. Пушкина) |
| 969 |
Тип издания |
__ |
| a |
Тип издания |
аудиокнига |
| a |
Тип издания |
издание для слепых |
| 990 |
Данные о заказе (DOS) |
__ |
| j |
Количество экземпляров (DOS) |
1 |
| t |
N записи в КСУ для И/У (DOS) |
202306 |